000
00319nam a2200145 a 4500
008
980424s1962||||xx 0 und c
040
_a
SNK
_b
slo
_c
SNK
_e
AACR2
100
1
_a
Kábrt, Jan
245
1
0
_a
Jazyk latinský
260
_a
Praha
_b
SZN
_c
1962
300
_a
198 s.
020
_c
10
041
_a
cze
044
_a
CZ
999
_c
17747
_d
17747